Tiếng Anh cho các doanh nghiệp = English for Business purposes /

Gespeichert in:
Bibliographische Detailangaben
1. Verfasser: Lê Nhật Linh
Format: Buch
Veröffentlicht: Khoa học và kỹ thuật, 1996.
Schlagworte:
Tags: Tag hinzufügen
Keine Tags, Fügen Sie den ersten Tag hinzu!
Thư viện lưu trữ: Mạng thư viện Đại học Đà Nẵng
LEADER 01005nam a2200289 a 4500
001 000041324
003 10812
005 20190730090204.0
008 171030s1996
020 |c 20000 
030 |a 275tr. ;  |c 20,5cm 
040 |a LNN 
082 0 |a 428  |b LÊ-L 
100 1 |a Lê Nhật Linh 
245 0 0 |a Tiếng Anh cho các doanh nghiệp = English for Business purposes /  |c Lê Nhật Linh. 
260 |b Khoa học và kỹ thuật,  |c 1996. 
650 0 4 |a Tiếng Anh cho các doanh nghiệp  |x Quản trị 
650 0 4 |a English for Business purposes 
OWN |a LNN 
AVA |a UDN50  |b LNN  |c English  |d 428 LÊ-L  |e available  |t Error 5001 Not defined in file expand_doc_bib_avail.  |f 1  |g 0  |h N  |i 0  |j AN  |k 1 
999 |a From the UDN01 
AVA |a UDN50  |b LNN  |c English  |d 428 LÊ-L  |e available  |t Error 5001 Not defined in file expand_doc_bib_avail.  |f 1  |g 0  |h N  |i 0  |j AN  |k 1 
TYP |a Monograph 
TYP |a Printed language 
980 |a Mạng thư viện Đại học Đà Nẵng